| 000 | 00451cam a2200205ua 4500 | ||
|---|---|---|---|
| 020 | _cRs.1/- (PB) | ||
| 041 |
_aeng _h |
||
| 082 |
_a894.8126 _bAPP/VA |
||
| 100 |
_aAppan, M.P . _95987 |
||
| 245 | _aVajra bindukkal,Part.II | ||
| 250 |
_a1 / _b. |
||
| 260 |
_aTrivandrum : _bKerala sahitya co.society Ltd. , _c1957. |
||
| 300 | _a98 ; . | ||
| 365 | _aRs.1/- | ||
| 504 | _a | ||
| 942 | _cBK | ||
| 999 |
_c73 _d73 |
||
| 003 | @ | ||
| 003 | OSt | ||